Building Owners and Managers Association : Canada (Record no. 120273)

MARC details
000 -LEADER
fixed length control field 00719cam a2200205 4500
001 - CONTROL NUMBER
control field WS122022
008 - FIXED-LENGTH DATA ELEMENTS--GENERAL INFORMATION
fixed length control field 030416n 000 0 eng u
035 ## - SYSTEM CONTROL NUMBER
System control number (Sirsi) u122021
110 ## - MAIN ENTRY--CORPORATE NAME
Corporate name or jurisdiction name as entry element Building Owners and Managers Association
9 (RLIN) 3928
245 ## - TITLE STATEMENT
Title Building Owners and Managers Association : Canada
520 ## - SUMMARY, ETC.
Summary, etc. Web site for this organisation which describes itself as 'the voice of the Canadian commercial real estate industry'. Includes details of publications and lobbying work.
650 ## - SUBJECT ADDED ENTRY--TOPICAL TERM
Topical term or geographic name entry element WEB SITE
650 ## - SUBJECT ADDED ENTRY--TOPICAL TERM
Topical term or geographic name entry element CANADA
650 ## - SUBJECT ADDED ENTRY--TOPICAL TERM
Topical term or geographic name entry element INTERNATIONAL
650 ## - SUBJECT ADDED ENTRY--TOPICAL TERM
Topical term or geographic name entry element ORGANISATION
650 ## - SUBJECT ADDED ENTRY--TOPICAL TERM
Topical term or geographic name entry element PROPERTY OWNERS
690 ## - LOCAL SUBJECT ADDED ENTRY--TOPICAL TERM (OCLC, RLIN)
Topical term or geographic name as entry element PROPERTY-COMMERCIAL PROPERTY
856 ## - ELECTRONIC LOCATION AND ACCESS
Uniform Resource Identifier <a href="https://www.bomacanada.org">https://www.bomacanada.org</a>
942 ## - ADDED ENTRY ELEMENTS (KOHA)
Suppress in OPAC 0
Holdings
Withdrawn status Lost status Source of classification or shelving scheme Damaged status Not for loan Home library Current library Shelving location Date acquired Total Checkouts Full call number Barcode Date last seen Copy number Price effective from Koha item type
    Dewey Decimal Classification     Virtual Virtual Online 16/04/2003   WEB SITE 122021-1001 06/08/2019 1 06/08/2019 Online material